| 000 | 00458nam a22001457a 4500 | ||
|---|---|---|---|
| 999 |
_c10042 _d10042 |
||
| 003 | GBCCL | ||
| 005 | 20241126110724.0 | ||
| 008 | 240213b ||||| |||| 00| 0 eng d | ||
| 040 | _cgbc | ||
| 082 |
_aMAG KHU _b1988 |
||
| 245 |
_aKhuanggin youth club 25th year 1964 silver jubilee magazine 1988 : _bEbenezer, itna pankhawmna muanna / _cedited by G Kaikhanmang |
||
| 260 |
_aKhuanggin : _bKhuanggin youth club , _c1988 |
||
| 300 | _a51p. | ||
| 942 |
_2ddc _cARCH |
||